Regions of Italy - Click Quiz - Statistics

General Stats
  • This quiz has been taken 101 times
  • The average score is 14 of 20
Answers on the Map
Answers color-coded by a green-red scale on the quiz's map according to % correct below.
 
Answer Stats
Answer % Correct
Sicily
97%
Sardinia
94%
Veneto
83%
Lazio
82%
Lombardy
77%
Tuscany
77%
Emilia-Romagna
74%
Piedmont
74%
Liguria
71%
Apulia
69%
Calabria
69%
Umbria
69%
Aosta Valley
68%
Friuli-Venezia Giulia
68%
Trentino-Alto Adige
66%
Molise
63%
Basilicata
62%
Campania
58%
Marche
51%
Abruzzo
48%
No matching quizzes found
Score Distribution
Percent of People with Each Score
Percentile by Number Answered
Your Score History
You have not taken this quiz